Kevin Spacey Movies - Statistics

General Stats
  • This quiz has been taken 565 times
    564 since last reset
  • The average score is 8 of 43
Answer Stats
Year Movie % Correct
1999 American Beauty
88%
1995 The Usual Suspects
87%
1995 Se7en
65%
2001 K-PAX
48%
1997 L.A. Confidential
39%
2011 Horrible Bosses
36%
2000 Pay it Forward
34%
2008 21
30%
1992 Glengarry Glen Ross
29%
2006 Superman Returns
28%
1994 Swimming with Sharks
25%
1998 The Negotiator
25%
2004 Beyond the Sea
22%
2003 The Life of David Gale
22%
1998 A Bug's Life
20%
1997 Midnight in the Garden of Good and Evil
16%
2001 The Shipping News
15%
1996 A Time to Kill
14%
2011 Margin Call
14%
1994 The Ref
14%
1995 Outbreak
13%
2009 Moon
12%
2010 Casino Jack
11%
1988 Working Girl
11%
1986 Heartburn
10%
1989 See No Evil, Hear No Evil
10%
2009 Shrink
9%
1999 The Big Kahuna
9%
2009 The Men Who Stare at Goats
9%
1998 Hurlyburly
8%
2000 Ordinary Decent Criminal
8%
1992 Consenting Adults
7%
2010 Father of Invention
7%
2007 Fred Claus
7%
2005 Edison
5%
1990 Henry & June
5%
2011 Inseparable
5%
2003 The United States of Leland
5%
1989 Dad
4%
1994 Iron Will
3%
2008 Telstar: The Joe Meek Story
3%
1990 A Show of Force
2%
1988 Rocket Gibraltar
2%
No matching quizzes found
Score Distribution
Percent of People with Each Score
Percentile by Number Answered
Your Score History
You have not taken this quiz since the last reset